000 00630nam a2200181Ia 4500
008 090124s9999 xx 000 0 und d
082 _b31907
_a639
100 _aशर्मा किसनलाल
245 _a साडेसातीचा फटका आणि उपाय
250 _a1
260 _c2003
300 _a92
600 _aशर्मा किसनलाल
630 _a साडेसातीचा फटका आणि उपाय
700 _aशर्मा किसनलाल
730 _a साडेसातीचा फटका आणि उपाय
942 _cBOOK
999 _c145387
_d145387